<?xml version="1.0" encoding="UTF-8"?>
<marc:record xmlns:marc="http://www.loc.gov/MARC21/slim">
   <marc:leader>00000nam a2200000 a 4500</marc:leader>
   <marc:datafield ind1="1" ind2=" " tag="100">
      <marc:subfield code="a">Seven, Karin</marc:subfield>
      <marc:subfield code="4">aut</marc:subfield>
      <marc:subfield code="e">Verfasser/-in</marc:subfield>
   </marc:datafield>
   <marc:datafield ind1=" " ind2=" " tag="653">
      <marc:subfield code="a">Auftritt</marc:subfield>
   </marc:datafield>
   <marc:datafield ind1=" " ind2=" " tag="653">
      <marc:subfield code="a">Management</marc:subfield>
   </marc:datafield>
   <marc:datafield ind1=" " ind2=" " tag="653">
      <marc:subfield code="a">Rhetorik</marc:subfield>
   </marc:datafield>
   <marc:datafield ind1=" " ind2=" " tag="653">
      <marc:subfield code="a">Social Work</marc:subfield>
   </marc:datafield>
   <marc:datafield ind1=" " ind2=" " tag="653">
      <marc:subfield code="a">Community Development</marc:subfield>
   </marc:datafield>
   <marc:datafield ind1=" " ind2=" " tag="653">
      <marc:subfield code="a">Coaching</marc:subfield>
   </marc:datafield>
   <marc:datafield ind1=" " ind2=" " tag="653">
      <marc:subfield code="a">Career Skills</marc:subfield>
   </marc:datafield>
   <marc:datafield ind1=" " ind2=" " tag="653">
      <marc:subfield code="a">Skills</marc:subfield>
   </marc:datafield>
   <marc:datafield ind1="0" ind2="0" tag="245">
      <marc:subfield code="a">Auftrittskompetenz</marc:subfield>
   </marc:datafield>
   <marc:datafield ind1="0" ind2="0" tag="245">
      <marc:subfield code="b">wie Sie (sich) öffentlich erfolgreich präsentieren</marc:subfield>
   </marc:datafield>
   <marc:datafield ind1="0" ind2="0" tag="245">
      <marc:subfield code="c">Seven, Karin</marc:subfield>
   </marc:datafield>
   <marc:datafield ind1=" " ind2="1" tag="264">
      <marc:subfield code="a">Wiesbaden</marc:subfield>
      <marc:subfield code="b">Springer Gabler</marc:subfield>
      <marc:subfield code="c">2023</marc:subfield>
   </marc:datafield>
   <marc:datafield ind1="1" ind2=" " tag="520">
      <marc:subfield code="a">Ihnen steht ein Auftritt bevor? Als Auftrittscoach und Schauspielerin zeigt Ihnen Karin Seven, wie Ihr Vortrag spielerisch und nachhaltig gut gelingt. Sie erfahren in diesem Essential, wie Sie Ihre Persönlichkeit auf ein sichtbares und wirkungsstarkes Level heben,  wie Präsenz, Authentizität, Ausstrahlungs- und Ausdruckskraft geübt und umgesetzt werden und wie Sie Ihre Kommunikationskanäle Körper, Stimme und Text kraftvoll, einzigartig und  überzeugend nutzen. Denn Sie sind zugleich Pianist und Piano. So ist die Arbeit an Ihrem Auftritt immer auch eine Arbeit an Ihrem Selbst, an Ihrer eigenen Person. Auftrittskompetenz ist das professionelle Zusammenspiel von Persönlichkeit und Handwerk.&#xD;
(Verlagsmeldung)</marc:subfield>
   </marc:datafield>
   <marc:datafield ind1=" " ind2=" " tag="020">
      <marc:subfield code="a">9783658326753</marc:subfield>
      <marc:subfield code="9">9783658326753</marc:subfield>
   </marc:datafield>
   <marc:datafield ind1=" " ind2=" " tag="020">
      <marc:subfield code="a">3658326751</marc:subfield>
      <marc:subfield code="9">3658326751</marc:subfield>
   </marc:datafield>
   <marc:datafield ind1=" " ind2=" " tag="041">
      <marc:subfield code="a">ger</marc:subfield>
   </marc:datafield>
   <marc:datafield ind1=" " ind2=" " tag="338">
      <marc:subfield code="a">Band</marc:subfield>
   </marc:datafield>
   <marc:datafield ind1=" " ind2=" " tag="300">
      <marc:subfield code="a">IX, 67 S.</marc:subfield>
   </marc:datafield>
</marc:record>
